书目信息 |
| 题名: |
PCR技术实验指南
|
|
| 作者: | 德弗克斯勒 , Dieffenbach , 迪芬巴赫 , Dveksler 编 ;种康 , 瞿礼嘉 主译 | |
| 分册: | ||
| 出版信息: | 北京 化学工业出版社 2006 |
|
| 页数: | 421页 | |
| 开本: | 26cm | |
| 丛书名: | 生物实验室系列 | |
| 单 册: | ||
| 中图分类: | Q555-33 | |
| 科图分类: | ||
| 主题词: | 聚合酶--链式反应--实验 , 聚合酶 , 链式反应 | |
| 电子资源: | ||
| ISBN: | 7-5025-8090-5 | |
| 000 | 01441oam2 2200373 450 | |
| 001 | 012007720337 | |
| 005 | 20070525153419.65 | |
| 010 | @a7-5025-8090-5@dCNY75.00 | |
| 100 | @a20070517d2006 km y0chiy0120 ea | |
| 101 | 1 | @achi@ceng |
| 102 | @aCN@b110000 | |
| 105 | @aa z 001yy | |
| 106 | @ar | |
| 200 | 1 | @aPCR技术实验指南@APCR ji shu shi yan zhi nan@f(美)C. W. 迪芬巴赫(Carl W.Dieffenbach),(美)G. S. 德弗克斯勒(Gabriela S. Dveksler)编@F(mei)C.W.di fen ba he(Carl W.Dieffenbach),(mei)G.S.de fu ke si le(Gabriela S.Dveksler)bian@g种康,瞿礼嘉主译@Gzhong kang,qu li jia zhu yi |
| 210 | @a北京@c化学工业出版社@d2006 | |
| 215 | @a421页@c图@d26cm | |
| 225 | 2 | @a生物实验室系列 |
| 305 | @a据原书第2版译出 | |
| 306 | @a本书由Cold Spring Harbor Laboratory出版公司授权出版 | |
| 330 | @a本书包括PCR导论、样品的制备、RT-PCR方法、PCR产物的检测、用PCR分析基因的差异表达等内容。 | |
| 461 | 0 | @12001 @a生物实验室系列 |
| 510 | 1 | @aPCR primer:a laboratory manual@zeng |
| 606 | 0 | @a聚合酶@x链式反应@x实验 |
| 606 | 0 | @a聚合酶 |
| 606 | 0 | @a链式反应 |
| 690 | @aQ555-33@v4 | |
| 701 | 1 | @c(美)@a德弗克斯勒@Ade fu ke si le@bC.W.@4编 |
| 701 | 1 | @c(美)@aDieffenbach@bCarl W.@4编 |
| 701 | 1 | @c(美)@a迪芬巴赫@Adi fen ba he@bG.S.@4编 |
| 701 | 1 | @c(美)@aDveksler@bGabriela S.@4编 |
| 702 | 0 | @a种康@Azhong kang@4主译 |
| 702 | 0 | @a瞿礼嘉@Aqu li jia@c(生物科学)@4主译 |
| 801 | 0 | @aCN@bRULIN@c20070525 |
| 905 | @dQ555-33@e137@s8 | |
| PCR技术实验指南/(美)C. W. 迪芬巴赫(Carl W.Dieffenbach),(美)G. S. 德弗克斯勒(Gabriela S. Dveksler)编/种康,瞿礼嘉主译.-北京:化学工业出版社,2006 |
| 421页:图;26cm.-(生物实验室系列) |
| ISBN 7-5025-8090-5:CNY75.00 |
| 本书包括PCR导论、样品的制备、RT-PCR方法、PCR产物的检测、用PCR分析基因的差异表达等内容。 |
| ● |
| 相关链接 |
|
|
|
|
正题名:PCR技术实验指南
索取号:Q555-33/137
 
预约/预借
| 序号 | 登录号 | 条形码 | 馆藏地/架位号 | 状态 | 备注 |
| 1 | 0580587 | 205805878 | 第二样本阅览室/ [索取号:Q555-33/137] | 在馆 | |
| 2 | 0580588 | 205805887 | 第三借阅区/ [索取号:Q555-33/137] | 在馆 | |
| 3 | 0580589 | 205805896 | 第三借阅区/ [索取号:Q555-33/137] | 在馆 | |
| 4 | 0580590 | 205805903 | 第三借阅区/ [索取号:Q555-33/137] | 在馆 | |
| 5 | 0580591 | 205805912 | 第三借阅区/ [索取号:Q555-33/137] | 在馆 | |
| 6 | 0580592 | 205805921 | 第三借阅区/ [索取号:Q555-33/137] | 在馆 | |
| 7 | 0580593 | 205805930 | 第三借阅区/ [索取号:Q555-33/137] | 在馆 | |
| 8 | 0580594 | 205805949 | 第三借阅区/ [索取号:Q555-33/137] | 在馆 |